Some problems of chemical kinetics and reactivity : Vol. 2 /

Guardado en:
Detalles Bibliográficos
Autor principal: Semenov, Nikolaj Nikolajevič (Autor)
Otros Autores: Bradley, J.E.S (Traductor)
Formato: Libro
Lenguaje:inglés
Publicado: London Pergamon Press 1959
Edición:1st ed.
Etiquetas: Agregar Etiqueta
Sin Etiquetas, Sea el primero en etiquetar este registro!

MARC

LEADER 00000nam a22000003a 4500
001 0009768
003 SK-STU
005 20160401104923.2
007 ta
008 151203s ----xo-----e------000-0-----d
020 |a 9781483168593 
040 |a STU  |b slo 
041 0 |a eng 
044 |a xxk 
100 1 |a Semenov, Nikolaj Nikolajevič  |4 aut 
245 1 0 |a Some problems of chemical kinetics and reactivity :  |p Vol. 2 /  |c aut. Nikolaj Nikolajevič Semenov ; prekl. J.E.S Bradley 
250 |a 1st ed. 
260 |a London  |b Pergamon Press  |c 1959 
300 |a 168 p. 
700 1 |a Bradley, J.E.S.  |r Z6  |4 trl 
996 |b 284M086600  |c M* 13826/2-1  |d Vol. 2 /  |l MMKN  |s A  |a 24  |w 0009768_0001